Implant placement techniques (Record no. 34568)

MARC details
000 -LEADER
fixed length control field 00303nam a22001337a 4500
003 - CONTROL NUMBER IDENTIFIER
control field SGT
082 ## - DEWEY DECIMAL CLASSIFICATION NUMBER
Classification number 617.69
Item number I26L
100 ## - MAIN ENTRY--PERSONAL NAME
Personal name Lochav, Kirti
245 ## - TITLE STATEMENT
Title Implant placement techniques
260 ## - PUBLICATION, DISTRIBUTION, ETC. (IMPRINT)
Place of publication, distribution, etc Gurugram
Name of publisher, distributor, etc SGTU
Year of Publication 2026
300 ## - PAGE DESCRIPTION
No. of Pages 175
653 ## - KEYWORDS--INDEX TERM
Keyword term Prosthodontics & Crown Bridge
942 ## - ADDED ENTRY ELEMENTS (KOHA)
Source of classification or shelving scheme Dewey Decimal Classification
Koha item type Thesis/Dissertation
Holdings
Withdrawn status Lost status Source of classification or shelving scheme Damaged status Not for loan Home library Current library Shelving location Date acquired Total Checkouts Full call number Accession No. (Barcode) Date last seen Bill Date Koha item type
    Dewey Decimal Classification   Not For Loan SGT Dental Library SGT Dental Library Reference Book 08/04/2026   617.69 I26L DT2636 08/04/2026 08/04/2026 Thesis/Dissertation